[Event "Montreal Mercredi 05"]
[Site "Montreal CAN"]
[Date "2012.05.23"]
[Round "2"]
[White "Nardone, Raul"]
[Black "Pomerantz, Daniel"]
[Result "1/2-1/2"]
[WhiteElo "1878"]
[BlackElo "1911"]
[PlyCount "141"]
[GameId "2160767909509369"]
[EventDate "2012.05.16"]
[EventType "swiss"]
[EventRounds "5"]
[EventCountry "CAN"]
[SourceTitle "EXT 2022"]
[Source "ChessBase"]
[SourceDate "2021.10.06"]
[SourceVersion "1"]
[SourceVersionDate "2021.10.06"]
[SourceQuality "1"]

1. e4 c5 2. Nc3 Nc6 3. g3 g6 4. Bg2 Bg7 5. d3 d6 6. Nf3 e5 7. h3 Nge7 8. Bg5 f6 9. Be3 Nd4 10. O-O Be6 11. Ne2 O-O 12. c3 Nxf3+ 13. Bxf3 Bxh3 14. Qb3+ Kh8 15. Rfd1 Qc8 16. d4 Be6 17. Qa3 b6 18. b4 c4 19. dxe5 dxe5 20. b5 Qc7 21. Qd6 Qxd6 22. Rxd6 Bc8 23. a4 Kg8 24. a5 bxa5 25. Rxa5 Rb8 26. Bxa7 Rb7 27. Bc5 Bd7 28. Ra7 Rxa7 29. Bxa7 Bxb5 30. Bc5 Rc8 31. Be3 Rc6 32. Rd8+ Kf7 33. Rb8 Ba6 34. Nc1 Nc8 35. Na2 Bf8 36. Nb4 Bxb4 37. cxb4 Nd6 38. Bc5 c3 39. Bd1 Bc4 40. Bc2 Ke6 41. Kg2 f5 42. f3 fxe4 43. fxe4 Rc7 44. Rb6 Rd7 45. Ba4 Rd8 46. Rc6 Bd3 47. Bb3+ Ke7 48. Bxd6+ Rxd6 49. Rxc3 Bxe4+ 50. Kf2 Rd3 51. Rxd3 Bxd3 52. Ke3 Bb5 53. Bd5 Kd6 54. Bg8 h6 55. Bf7 g5 56. Bb3 h5 57. Ke4 h4 58. gxh4 gxh4 59. Kf3 Bd7 60. Bc4 Bf5 61. Bb3 Bd7 62. Bc4 Bf5 63. Bb3 e4+ 64. Kf2 Ke5 65. Bc4 Kd4 66. Be2 e3+ 67. Kg2 Kc3 68. b5 Bc8 69. b6 Kd2 70. Bh5 h3+ 71. Kg3 1/2-1/2

[Event "Montreal Mercredi 05"]
[Site "Montreal CAN"]
[Date "2012.05.23"]
[Round "2"]
[White "Robidas, Francois"]
[Black "Malveau, Cedric"]
[Result "1-0"]
[WhiteElo "1989"]
[BlackElo "1974"]
[PlyCount "91"]
[GameId "2160767909509370"]
[EventDate "2012.05.16"]
[EventType "swiss"]
[EventRounds "5"]
[EventCountry "CAN"]
[SourceTitle "EXT 2022"]
[Source "ChessBase"]
[SourceDate "2021.10.06"]
[SourceVersion "1"]
[SourceVersionDate "2021.10.06"]
[SourceQuality "1"]

1. e4 c5 2. c3 d5 3. exd5 Qxd5 4. d4 Nf6 5. Nf3 Bg4 6. dxc5 Qxc5 7. Na3 a6 8. Be3 Qc7 9. Qa4+ Nbd7 10. O-O-O Rc8 11. Rd4 Bxf3 12. gxf3 e6 13. Rc4 Qb8 14. Bd3 Rxc4 15. Bxc4 b5 16. Nxb5 axb5 17. Bxb5 Bd6 18. Bg5 Qc7 19. Qa8+ Qd8 20. Qc6 Ke7 21. Rd1 Nb8 22. Qb7+ Qc7 23. Qxc7+ Bxc7 24. h3 Rd8 25. Rxd8 Kxd8 26. b4 Bb6 27. Bh4 h6 28. c4 g5 29. Bg3 Bc7 30. h4 Bxg3 31. fxg3 gxh4 32. gxh4 Kc7 33. Kd2 Nc6 34. Bxc6 Kxc6 35. a4 Nd7 36. a5 Ne5 37. Kc3 Nxf3 38. b5+ Kc7 39. c5 Ne5 40. a6 Nd7 41. a7 Nb6 42. cxb6+ Kb7 43. Kd4 f5 44. Ke5 h5 45. Kd6 f4 46. a8=Q+ 1-0

[Event "Montreal Mercredi 05"]
[Site "Montreal CAN"]
[Date "2012.05.23"]
[Round "2"]
[White "Rondon, Luciano"]
[Black "Lacroix, Serge"]
[Result "0-1"]
[WhiteElo "1831"]
[BlackElo "1819"]
[PlyCount "102"]
[GameId "2160767909509371"]
[EventDate "2012.05.16"]
[EventType "swiss"]
[EventRounds "5"]
[EventCountry "CAN"]
[SourceTitle "EXT 2022"]
[Source "ChessBase"]
[SourceDate "2021.10.06"]
[SourceVersion "1"]
[SourceVersionDate "2021.10.06"]
[SourceQuality "1"]

1. d4 Nf6 2. c4 g6 3. Nc3 d5 4. cxd5 Nxd5 5. e4 Nxc3 6. bxc3 c5 7. Bc4 cxd4 8. Nf3 Bg7 9. O-O O-O 10. cxd4 Nc6 11. Be3 Bg4 12. Rb1 Nxd4 13. Bxd4 Bxf3 14. Qxf3 Qxd4 15. Bd5 e6 16. Bxb7 Rab8 17. Ba6 Qa4 18. Qe2 Rfd8 19. Rfd1 h5 20. h4 Be5 21. g3 Kg7 22. Bc4 Rxd1+ 23. Rxd1 Rb4 24. Bb3 Qc6 25. Re1 Qc5 26. Kg2 a5 27. Qa6 Rd4 28. Qe2 a4 29. Bc2 Qc3 30. Rd1 Rc4 31. Bb1 Rb4 32. Qd3 Qc5 33. Qf3 Bd4 34. Qd3 e5 35. Qc2 Rb2 36. Qxc5 Bxc5 37. Rf1 Bxf2 38. Rxf2 Rxb1 39. Rc2 a3 40. Kf3 Rb2 41. Rc5 f6 42. Rc3 Rxa2 43. Ke3 Rg2 44. Kf3 a2 45. Rc7+ Kh6 46. Ra7 Rb2 47. Ke3 Rh2 48. Kd3 Rg2 49. Kc4 Rxg3 50. Rxa2 Rg4 51. Kd5 Rxh4 0-1

[Event "Montreal Mercredi 05"]
[Site "Montreal CAN"]
[Date "2012.05.23"]
[Round "2"]
[White "Tremblay, Alain"]
[Black "Cloutier, Mathieu"]
[Result "1-0"]
[WhiteElo "2004"]
[BlackElo "2062"]
[PlyCount "81"]
[GameId "2160767909509372"]
[EventDate "2012.05.16"]
[EventType "swiss"]
[EventRounds "5"]
[EventCountry "CAN"]
[SourceTitle "EXT 2022"]
[Source "ChessBase"]
[SourceDate "2021.10.06"]
[SourceVersion "1"]
[SourceVersionDate "2021.10.06"]
[SourceQuality "1"]

1. d4 Nf6 2. c4 c5 3. d5 b5 4. cxb5 a6 5. bxa6 g6 6. g3 Bg7 7. Bg2 d6 8. Nf3 Qa5+ 9. Nfd2 O-O 10. O-O Bxa6 11. Nc3 Nbd7 12. Qc2 Qc7 13. b3 Nb6 14. Rb1 Nfd7 15. a4 Ne5 16. Bb2 Rab8 17. h3 Rb7 18. f4 Ned7 19. Nde4 Nc8 20. Ba1 Qa5 21. Nd2 Rb4 22. Na2 Bxa1 23. Rxa1 Rd4 24. b4 Qb6 25. b5 Bb7 26. e4 f5 27. Nc4 Qd8 28. Ne3 fxe4 29. Nc3 Nf6 30. Bxe4 Nxe4 31. Nxe4 e6 32. Ng5 exd5 33. Ne6 Qe7 34. f5 Rf6 35. Ng4 Rc4 36. Qd2 Rxf5 37. Nh6+ Kh8 38. Nxf5 gxf5 39. Qh6 f4 40. Rae1 Qf7 41. Ng5 1-0

[Event "Montreal Mercredi 05"]
[Site "Montreal CAN"]
[Date "2012.05.23"]
[Round "2"]
[White "Vien, Michel"]
[Black "Bergeron, Rene"]
[Result "0-1"]
[WhiteElo "1682"]
[BlackElo "1766"]
[PlyCount "26"]
[GameId "2160767909509373"]
[EventDate "2012.05.16"]
[EventType "swiss"]
[EventRounds "5"]
[EventCountry "CAN"]
[SourceTitle "EXT 2022"]
[Source "ChessBase"]
[SourceDate "2021.10.06"]
[SourceVersion "1"]
[SourceVersionDate "2021.10.06"]
[SourceQuality "1"]

1. Nf3 d5 2. c4 d4 3. b4 Bg4 4. Bb2 Bxf3 5. gxf3 e5 6. a3 Nf6 7. d3 Nbd7 8. Nd2 Be7 9. Bg2 Nh5 10. c5 Nf4 11. Bf1 a5 12. e3 dxe3 13. fxe3 Bh4# 0-1

[Event "Montreal Mercredi 05"]
[Site "Montreal CAN"]
[Date "2012.05.30"]
[Round "3"]
[White "Baran, Marius"]
[Black "Rondon, Luciano"]
[Result "1/2-1/2"]
[WhiteElo "1776"]
[BlackElo "1831"]
[PlyCount "117"]
[GameId "2160767909509374"]
[EventDate "2012.05.16"]
[EventType "swiss"]
[EventRounds "5"]
[EventCountry "CAN"]
[SourceTitle "EXT 2022"]
[Source "ChessBase"]
[SourceDate "2021.10.06"]
[SourceVersion "1"]
[SourceVersionDate "2021.10.06"]
[SourceQuality "1"]

1. d4 d5 2. c4 e6 3. Nc3 Nf6 4. Bg5 Be7 5. e3 O-O 6. Nf3 b6 7. cxd5 Nxd5 8. Bxe7 Qxe7 9. Nxd5 exd5 10. Rc1 Be6 11. Qa4 c5 12. Qa3 Rc8 13. Bb5 Qb7 14. O-O c4 15. Qd6 h6 16. Ba4 b5 17. Qb4 a6 18. Bc2 a5 19. Qd2 Nd7 20. Rfe1 Nf6 21. Ne5 b4 22. f3 c3 23. bxc3 Rxc3 24. Ba4 Rac8 25. Rb1 Bf5 26. Rb2 Bd7 27. Bxd7 Nxd7 28. Nd3 Qb5 29. Rc1 Qc4 30. Rd1 Rc2 31. Rxc2 Qxc2 32. Kf1 Rc3 33. Ke2 Qa4 34. Rc1 Rxc1 35. Nxc1 Nb6 36. Nb3 Nc4 37. Qc2 Qb5 38. Kf2 a4 39. Nc5 Nb6 40. Ke1 Qc4 41. Qxc4 dxc4 42. Kd1 b3 43. Kc1 bxa2 44. Kb2 c3+ 45. Kxa2 Nc4 46. Kb1 Nxe3 47. g3 c2+ 48. Kc1 a3 49. Nb3 Kf8 50. Kd2 a2 51. Kc1 Ke7 52. Kb2 Kd6 53. Kxa2 Kd5 54. Kb2 Nf5 55. Kxc2 Nxd4+ 56. Nxd4 Kxd4 57. Kd2 f5 58. f4 g6 59. h3 1/2-1/2

[Event "Montreal Mercredi 05"]
[Site "Montreal CAN"]
[Date "2012.05.30"]
[Round "3"]
[White "Bergeron, Rene"]
[Black "Le Bas, Nicolas"]
[Result "1-0"]
[WhiteElo "1766"]
[BlackElo "1682"]
[PlyCount "59"]
[GameId "2160767909509375"]
[EventDate "2012.05.16"]
[EventType "swiss"]
[EventRounds "5"]
[EventCountry "CAN"]
[SourceTitle "EXT 2022"]
[Source "ChessBase"]
[SourceDate "2021.10.06"]
[SourceVersion "1"]
[SourceVersionDate "2021.10.06"]
[SourceQuality "1"]

1. c4 Nf6 2. Nc3 g6 3. g3 Bg7 4. Bg2 O-O 5. Nf3 d6 6. Rb1 Bf5 7. d3 Qc8 8. O-O Nc6 9. Re1 e5 10. Nd2 Nd7 11. b4 Nb6 12. a4 a5 13. b5 Nb4 14. Ba3 Nxd3 15. exd3 Bxd3 16. Rc1 f5 17. c5 dxc5 18. Bxc5 Re8 19. Bxb6 cxb6 20. Nd5 Qd8 21. Nc7 e4 22. Nxa8 Qxa8 23. Qb3+ Kh8 24. Nc4 Qd8 25. Nb2 Rf8 26. Nxd3 exd3 27. Rcd1 d2 28. Re2 Bh6 29. Qc3+ Kg8 30. f4 1-0

[Event "Montreal Mercredi 05"]
[Site "Montreal CAN"]
[Date "2012.05.30"]
[Round "3"]
[White "Boudreau, Daniel"]
[Black "Robidas, Francois"]
[Result "0-1"]
[WhiteElo "1959"]
[BlackElo "1989"]
[PlyCount "150"]
[GameId "2160767909509376"]
[EventDate "2012.05.16"]
[EventType "swiss"]
[EventRounds "5"]
[EventCountry "CAN"]
[SourceTitle "EXT 2022"]
[Source "ChessBase"]
[SourceDate "2021.10.06"]
[SourceVersion "1"]
[SourceVersionDate "2021.10.06"]
[SourceQuality "1"]

1. e4 e5 2. Bc4 Nf6 3. d3 Nc6 4. Nf3 d5 5. Bb3 Bc5 6. exd5 Nxd5 7. Nbd2 Bg4 8. Ne4 Bb6 9. c3 Qd7 10. Bg5 h6 11. Bd2 f5 12. Ng3 Nf4 13. Bxf4 exf4 14. Ne2 O-O-O 15. d4 Rhe8 16. O-O Bxf3 17. gxf3 Qe7 18. Nxf4 Qg5+ 19. Ng2 Bxd4 20. cxd4 Nxd4 21. f4 Qg6 22. Kh1 Re2 23. Rc1 Qh5 24. Rc3 Nf3 25. Be6+ Rxe6 26. Qxf3 Qxf3 27. Rxf3 Re2 28. b3 Rxa2 29. Nh4 Ra5 30. Re1 Rd4 31. Ng6 Rb5 32. Re7 a5 33. Rc3 c5 34. Kg2 a4 35. bxa4 Rxa4 36. Re5 b6 37. Ne7+ Kd8 38. Rd3+ Kc7 39. Nxf5 Rb2 40. Rd6 Kb7 41. Re7+ Ka6 42. Rd8 Rxf4 43. Ra8+ Kb5 44. Nd6+ Kc6 45. Ne4 c4 46. Kg3 g5 47. Rc8+ Kb5 48. f3 Kb4 49. Rec7 b5 50. Rb8 Rb3 51. Nd2 Rd3 52. Nxc4 Rxc4 53. Rxc4+ Kxc4 54. Rb6 h5 55. h3 Rd5 56. Rh6 b4 57. h4 b3 58. Rc6+ Rc5 59. Rb6 Rb5 60. Rxb5 Kxb5 61. hxg5 b2 62. Kh4 b1=Q 63. Kxh5 Qf5 64. Kh6 Qh3+ 65. Kg7 Qxf3 66. g6 Kc6 67. Kh7 Qh5+ 68. Kg7 Kd6 69. Kf6 Qh6 70. Kf7 Qf4+ 71. Kg8 Ke7 72. g7 Qf7+ 73. Kh8 Qh5+ 74. Kg8 Kf6 75. Kf8 Qf7# 0-1

[Event "Montreal Mercredi 05"]
[Site "Montreal CAN"]
[Date "2012.05.30"]
[Round "3"]
[White "Chiku-Ratte, Olivier-Kenta"]
[Black "Caceres Cortes, Julio"]
[Result "1/2-1/2"]
[WhiteElo "2196"]
[BlackElo "2007"]
[PlyCount "133"]
[GameId "2160767909509377"]
[EventDate "2012.05.16"]
[EventType "swiss"]
[EventRounds "5"]
[EventCountry "CAN"]
[SourceTitle "EXT 2022"]
[Source "ChessBase"]
[SourceDate "2021.10.06"]
[SourceVersion "1"]
[SourceVersionDate "2021.10.06"]
[SourceQuality "1"]

1. d4 Nf6 2. c4 e6 3. Nc3 Bb4 4. e3 O-O 5. Bd3 d5 6. Nf3 c5 7. O-O Nc6 8. a3 Bxc3 9. bxc3 dxc4 10. Bxc4 Qc7 11. h3 Rd8 12. Qc2 e5 13. Ba2 h6 14. Bb2 b6 15. Rfd1 Bb7 16. d5 Na5 17. c4 Re8 18. Qf5 Nd7 19. Nh4 Rad8 20. Qf3 Qd6 21. Nf5 Qf6 22. Qg4 Ba6 23. d6 Nc6 24. Bb1 Qg5 25. Qe4 Bb7 26. h4 Qf6 27. Qg4 Bc8 28. Qf3 Ndb8 29. Be4 Bxf5 30. Bxc6 Nxc6 31. Qxc6 Re6 32. f4 Qg6 33. Rd2 Be4 34. Qc7 Rexd6 35. Qxd8+ Rxd8 36. Rxd8+ Kh7 37. Rd2 exf4 38. exf4 Qg4 39. Rf1 Qxh4 40. Rff2 Qg4 41. Rde2 Qe6 42. Re3 Qxc4 43. Rg3 f6 44. Rd2 Bf5 45. Rf2 a5 46. Re3 h5 47. Re7 Kh6 48. Rf3 Bg4 49. Rfe3 Qc2 50. Bc3 Qc1+ 51. Kh2 Qf1 52. Bd2 Qf2 53. Bc1 Kg6 54. Rg3 c4 55. Be3 Qb2 56. a4 b5 57. axb5 Qxb5 58. Bd4 Qf5 59. Bb6 Qxf4 60. Bc7 Qf5 61. Rge3 c3 62. Rxc3 h4 63. Rce3 a4 64. Bd6 h3 65. gxh3 Qf2+ 66. Kh1 Qf1+ 67. Kh2 1/2-1/2

[Event "Montreal Mercredi 05"]
[Site "Montreal CAN"]
[Date "2012.05.30"]
[Round "3"]
[White "Cloutier, Mathieu"]
[Black "Cardin, Guillaume"]
[Result "1-0"]
[WhiteElo "2062"]
[BlackElo "2151"]
[PlyCount "47"]
[GameId "2160767909509378"]
[EventDate "2012.05.16"]
[EventType "swiss"]
[EventRounds "5"]
[EventCountry "CAN"]
[SourceTitle "EXT 2022"]
[Source "ChessBase"]
[SourceDate "2021.10.06"]
[SourceVersion "1"]
[SourceVersionDate "2021.10.06"]
[SourceQuality "1"]

1. e4 c5 2. Nf3 g6 3. d4 cxd4 4. Qxd4 Nf6 5. e5 Nc6 6. Qa4 Nd5 7. Qb3 Nb6 8. a4 d6 9. a5 Be6 10. Qb5 Nd5 11. Nd4 Qd7 12. Nxe6 fxe6 13. exd6 Ndb4 14. Na3 Qxd6 15. Bd2 O-O-O 16. O-O-O Bh6 17. Nc4 Bxd2+ 18. Rxd2 Qf4 19. Bd3 Rd5 20. Qa4 Rxa5 21. Qxa5 Nxa5 22. Nxa5 Nxd3+ 23. cxd3 Qc7+ 24. Rc2 1-0

[Event "Montreal Mercredi 05"]
[Site "Montreal CAN"]
[Date "2012.05.30"]
[Round "3"]
[White "He, Shao Hang"]
[Black "Casquero, Herberth"]
[Result "1/2-1/2"]
[WhiteElo "1626"]
[BlackElo "1545"]
[PlyCount "112"]
[GameId "2160767909509379"]
[EventDate "2012.05.16"]
[EventType "swiss"]
[EventRounds "5"]
[EventCountry "CAN"]
[SourceTitle "EXT 2022"]
[Source "ChessBase"]
[SourceDate "2021.10.06"]
[SourceVersion "1"]
[SourceVersionDate "2021.10.06"]
[SourceQuality "1"]

1. d4 d5 2. c4 c6 3. Nf3 Nf6 4. Nc3 e6 5. Bg5 Nbd7 6. e3 h6 7. Bh4 dxc4 8. Bxc4 b5 9. Bd3 Qb6 10. Qc2 a6 11. Ne4 Nxe4 12. Bxe4 Bb7 13. a3 c5 14. dxc5 Bxc5 15. Bxb7 Qxb7 16. O-O O-O 17. Rfd1 Rac8 18. Qd2 Nb6 19. Ne5 Be7 20. Bxe7 Qxe7 21. Qd6 Qc7 22. Qxc7 Rxc7 23. Rd6 Rb8 24. b3 a5 25. Rc6 Rbc8 26. Rac1 Rxc6 27. Rxc6 Rxc6 28. Nxc6 a4 29. bxa4 bxa4 30. Na5 Kf8 31. Kf1 Ke7 32. Ke2 Kd6 33. Kd3 Kc5 34. Nb7+ Kd5 35. e4+ Ke5 36. f3 f5 37. Nc5 g5 38. Kc3 g4 39. exf5 gxf3 40. gxf3 exf5 41. Nd3+ Kd5 42. Kb4 Kd4 43. Ne1 Ke3 44. Kb5 Ke2 45. Nc2 Kxf3 46. Nd4+ Ke4 47. Nxf5 Kxf5 48. Kxb6 h5 49. Kb5 h4 50. Kxa4 Kg4 51. Kb5 Kh3 52. a4 Kxh2 53. a5 Kg1 54. a6 h3 55. a7 h2 56. a8=Q h1=Q 1/2-1/2

[Event "Montreal Mercredi 05"]
[Site "Montreal CAN"]
[Date "2012.05.30"]
[Round "3"]
[White "Lacroix, Serge"]
[Black "Vien, Michel"]
[Result "1-0"]
[WhiteElo "1819"]
[BlackElo "1682"]
[PlyCount "29"]
[GameId "2160767909509380"]
[EventDate "2012.05.16"]
[EventType "swiss"]
[EventRounds "5"]
[EventCountry "CAN"]
[SourceTitle "EXT 2022"]
[Source "ChessBase"]
[SourceDate "2021.10.06"]
[SourceVersion "1"]
[SourceVersionDate "2021.10.06"]
[SourceQuality "1"]

1. e4 c5 2. Nf3 e6 3. d4 cxd4 4. Nxd4 Nf6 5. Nc3 Nc6 6. Be3 Bb4 7. Bd3 d5 8. Nxc6 bxc6 9. e5 Nd7 10. Qg4 Bxc3+ 11. bxc3 Nxe5 12. Qg3 Nxd3+ 13. cxd3 Ba6 14. Qxg7 Rf8 15. Bc5 1-0

[Event "Montreal Mercredi 05"]
[Site "Montreal CAN"]
[Date "2012.05.30"]
[Round "3"]
[White "Levkovsky, Alexandre"]
[Black "Tremblay, Alain"]
[Result "1-0"]
[WhiteElo "2267"]
[BlackElo "2004"]
[PlyCount "97"]
[GameId "2160767909509381"]
[EventDate "2012.05.16"]
[EventType "swiss"]
[EventRounds "5"]
[EventCountry "CAN"]
[SourceTitle "EXT 2022"]
[Source "ChessBase"]
[SourceDate "2021.10.06"]
[SourceVersion "1"]
[SourceVersionDate "2021.10.06"]
[SourceQuality "1"]

1. e4 c6 2. d4 g6 3. f4 d5 4. e5 h5 5. Nf3 Nh6 6. c4 Bf5 7. Nc3 e6 8. Qb3 Qc7 9. Be3 dxc4 10. Bxc4 Nd7 11. h3 Qb6 12. Kf2 Qxb3 13. axb3 Nb6 14. Nd2 Be7 15. g3 Nd5 16. Nxd5 exd5 17. Be2 Kd7 18. Rag1 Bb4 19. g4 Bxd2 20. Bxd2 Be4 21. Bf3 Bxf3 22. Kxf3 Ng8 23. f5 Ne7 24. Kf4 Rag8 25. Bb4 Rh7 26. Re1 gxf5 27. gxf5 Rg2 28. e6+ fxe6 29. fxe6+ Kd8 30. Rhf1 Rhg7 31. Kf3 R7g6 32. Re5 Rh6 33. Ke3 Ke8 34. Bxe7 Kxe7 35. Rf7+ Ke8 36. Rxb7 Rg3+ 37. Kf4 Rgg6 38. e7 Re6 39. Rxa7 Rhf6+ 40. Kg5 Rg6+ 41. Kxh5 Rh6+ 42. Kg4 Reg6+ 43. Rg5 Rxg5+ 44. Kxg5 Rxh3 45. Kf6 Rh6+ 46. Ke5 Rg6 47. b4 Kf7 48. b5 cxb5 49. Kxd5 1-0

[Event "Montreal Mercredi 05"]
[Site "Montreal CAN"]
[Date "2012.05.30"]
[Round "3"]
[White "Lizotte, Michel"]
[Black "Munshi, Shawkat"]
[Result "0-1"]
[WhiteElo "1553"]
[BlackElo "1546"]
[PlyCount "86"]
[GameId "2160767909509382"]
[EventDate "2012.05.16"]
[EventType "swiss"]
[EventRounds "5"]
[EventCountry "CAN"]
[SourceTitle "EXT 2022"]
[Source "ChessBase"]
[SourceDate "2021.10.06"]
[SourceVersion "1"]
[SourceVersionDate "2021.10.06"]
[SourceQuality "1"]

1. e4 c5 2. Nc3 d6 3. g3 Nf6 4. Bg2 Nc6 5. d3 Nd4 6. Nge2 Bg4 7. O-O Qd7 8. f4 g6 9. a4 Bg7 10. Qd2 e5 11. Nxd4 cxd4 12. Ne2 h5 13. fxe5 dxe5 14. Qe1 O-O 15. Bg5 Ne8 16. h3 Be6 17. Kh2 f6 18. Bd2 Rc8 19. Qd1 Qc6 20. c4 dxc3 21. Nxc3 Nc7 22. Rc1 Qd7 23. Qe2 Rfd8 24. Be3 b6 25. Rfd1 Bb3 26. Rd2 Ne6 27. Qf2 Kf7 28. Ra1 Nd4 29. Bxd4 Qxd4 30. Qxd4 Rxd4 31. Nb5 Rd7 32. d4 Bh6 33. Rd3 Bc4 34. Rdd1 a6 35. Nc3 Rxd4 36. Rxd4 exd4 37. Nd5 Be2 38. Bf1 Rc2 39. Kh1 d3 40. Nb4 Bf3+ 41. Bg2 Rxg2 42. Nxd3 Rd2+ 43. Kg1 Rxd3 0-1

[Event "Montreal Mercredi 05"]
[Site "Montreal CAN"]
[Date "2012.05.30"]
[Round "3"]
[White "Malveau, Cedric"]
[Black "Nardone, Raul"]
[Result "1-0"]
[WhiteElo "1974"]
[BlackElo "1878"]
[PlyCount "52"]
[GameId "2160767909509383"]
[EventDate "2012.05.16"]
[EventType "swiss"]
[EventRounds "5"]
[EventCountry "CAN"]
[SourceTitle "EXT 2022"]
[Source "ChessBase"]
[SourceDate "2021.10.06"]
[SourceVersion "1"]
[SourceVersionDate "2021.10.06"]
[SourceQuality "1"]

1. e4 c5 2. Nc3 Nc6 3. g3 d6 4. Bg2 g6 5. d3 Bg7 6. Be3 Rb8 7. Qd2 b5 8. f4 b4 9. Nd1 Bd7 10. Nf3 Nf6 11. h3 c4 12. O-O c3 13. bxc3 bxc3 14. Nxc3 Nh5 15. Kh2 Qa5 16. d4 O-O 17. e5 dxe5 18. fxe5 f5 19. Ne2 Qxd2 20. Nxd2 Nb4 21. Bg5 Nxc2 22. Rac1 Nxd4 23. Nxd4 Bxe5 24. Ne2 Rb2 25. Rfe1 Bb8 26. Bd5+ Kg7 1-0

[Event "Montreal Mercredi 05"]
[Site "Montreal CAN"]
[Date "2012.05.30"]
[Round "3"]
[White "Pomerantz, Daniel"]
[Black "Gauthier, Denis"]
[Result "0-1"]
[WhiteElo "1911"]
[BlackElo "1916"]
[PlyCount "76"]
[GameId "2160767909509384"]
[EventDate "2012.05.16"]
[EventType "swiss"]
[EventRounds "5"]
[EventCountry "CAN"]
[SourceTitle "EXT 2022"]
[Source "ChessBase"]
[SourceDate "2021.10.06"]
[SourceVersion "1"]
[SourceVersionDate "2021.10.06"]
[SourceQuality "1"]

1. e4 c5 2. Nf3 Nc6 3. d4 cxd4 4. Nxd4 e6 5. Nc3 Qc7 6. Be2 a6 7. O-O Nf6 8. Be3 Bb4 9. Qd3 Ne5 10. Bf4 Nxd3 11. Bxc7 Nxb2 12. Nd1 Nxd1 13. Rfxd1 Nxe4 14. Rab1 Bc5 15. Rd3 d5 16. Bf3 f5 17. Bh5+ g6 18. Be5 Rf8 19. Bd1 b5 20. f3 Nd6 21. Kf1 Nc4 22. Bg3 Bd7 23. f4 Kf7 24. c3 h6 25. a4 Rab8 26. axb5 Bxb5 27. Nxb5 Rxb5 28. Ra1 a5 29. Ba4 Rb2 30. Bc6 Rfb8 31. Re1 R2b6 32. Rxe6 Kxe6 33. Bxd5+ Kf6 34. Bxc4 Rb1+ 35. Ke2 R8b2+ 36. Rd2 Rxd2+ 37. Kxd2 Rb2+ 38. Kd3 a4 0-1

[Event "Montreal Mercredi 05"]
[Site "Montreal CAN"]
[Date "2012.06.06"]
[Round "4"]
[White "Cardin, Guillaume"]
[Black "Caceres Cortes, Julio"]
[Result "1-0"]
[WhiteElo "2151"]
[BlackElo "2007"]
[PlyCount "81"]
[GameId "2160767909509385"]
[EventDate "2012.05.16"]
[EventType "swiss"]
[EventRounds "5"]
[EventCountry "CAN"]
[SourceTitle "EXT 2022"]
[Source "ChessBase"]
[SourceDate "2021.10.06"]
[SourceVersion "1"]
[SourceVersionDate "2021.10.06"]
[SourceQuality "1"]

1. e4 e5 2. Nf3 Nc6 3. d4 exd4 4. Bc4 Nf6 5. e5 d5 6. Bb5 Ne4 7. Nxd4 Bc5 8. O-O Bd7 9. Bxc6 bxc6 10. f3 Ng5 11. f4 Ne6 12. Be3 Qb8 13. f5 Nxd4 14. Bxd4 Qb6 15. Bxc5 Qxc5+ 16. Kh1 O-O-O 17. Nc3 Rhe8 18. Qe2 Kb8 19. Rae1 Bc8 20. Rf3 d4 21. b4 Qb6 22. Na4 Qb5 23. Nc5 Qxe2 24. Rxe2 g6 25. fxg6 fxg6 26. e6 Re7 27. Rf7 Rde8 28. Rxe7 Rxe7 29. Kg1 a6 30. a4 Ka7 31. a5 Bb7 32. Kf2 Bc8 33. Ke1 Re8 34. Kd2 Bb7 35. Kd3 Rd8 36. Re4 Bc8 37. Rxd4 Re8 38. Re4 Bxe6 39. Rxe6 Rd8+ 40. Ke3 Rb8 41. c3 1-0

[Event "Montreal Mercredi 05"]
[Site "Montreal CAN"]
[Date "2012.06.06"]
[Round "4"]
[White "Casquero, Herberth"]
[Black "Munshi, Shawkat"]
[Result "0-1"]
[WhiteElo "1545"]
[BlackElo "1546"]
[PlyCount "128"]
[GameId "2160767909509386"]
[EventDate "2012.05.16"]
[EventType "swiss"]
[EventRounds "5"]
[EventCountry "CAN"]
[SourceTitle "EXT 2022"]
[Source "ChessBase"]
[SourceDate "2021.10.06"]
[SourceVersion "1"]
[SourceVersionDate "2021.10.06"]
[SourceQuality "1"]

1. e4 c5 2. Nf3 d6 3. d4 cxd4 4. Nxd4 Nf6 5. Nc3 a6 6. Bg5 e5 7. Nf5 Be6 8. Qd2 Qc7 9. O-O-O Bxf5 10. exf5 Nbd7 11. g3 Be7 12. Bg2 Rc8 13. Rhe1 O-O 14. Re2 b5 15. f4 Rfd8 16. Qe3 b4 17. Nd5 Nxd5 18. Bxd5 Bxg5 19. fxg5 Nb6 20. f6 Nxd5 21. Rxd5 Qc4 22. Qd3 Qxa2 23. Rexe5 Qa1+ 24. Kd2 Qxb2 25. Re3 gxf6 26. gxf6 Qxf6 27. Qxa6 Qh6 28. Qe2 Rc3 29. Rdd3 Rdc8 30. Qg4+ Kf8 31. Rxc3 Rxc3 32. Qe2 Rxe3 33. Qxe3 Qxh2+ 34. Kd3 Qh1 35. Qf4 Qd1+ 36. Kc4 Qxc2+ 37. Kxb4 Qb2+ 38. Kc4 Qa2+ 39. Kb4 Qe6 40. Kc3 Qe5+ 41. Kc4 Qxf4+ 42. gxf4 Ke7 43. Kd5 f5 44. Kc4 Ke6 45. Kd4 h5 46. Kd3 Kd5 47. Ke3 h4 48. Kf3 Kd4 49. Kg2 Ke3 50. Kh3 Kxf4 51. Kxh4 Ke3 52. Kg3 f4+ 53. Kg2 Ke2 54. Kg1 f3 55. Kh2 f2 56. Kg3 f1=Q 57. Kg4 Ke3 58. Kg5 Qf4+ 59. Kg6 Ke4 60. Kg7 Ke5 61. Kg6 Qf5+ 62. Kg7 Qf6+ 63. Kg8 Qe7 64. Kh8 Kf6 0-1

[Event "Montreal Mercredi 05"]
[Site "Montreal CAN"]
[Date "2012.06.06"]
[Round "4"]
[White "Cloutier, Mathieu"]
[Black "Levkovsky, Alexandre"]
[Result "0-1"]
[WhiteElo "2062"]
[BlackElo "2267"]
[PlyCount "138"]
[GameId "2160767909509387"]
[EventDate "2012.05.16"]
[EventType "swiss"]
[EventRounds "5"]
[EventCountry "CAN"]
[SourceTitle "EXT 2022"]
[Source "ChessBase"]
[SourceDate "2021.10.06"]
[SourceVersion "1"]
[SourceVersionDate "2021.10.06"]
[SourceQuality "1"]

1. e4 e5 2. Nf3 Nc6 3. Bb5 a6 4. Ba4 Nf6 5. O-O b5 6. Bb3 Be7 7. Re1 d6 8. c3 O-O 9. h3 Na5 10. Bc2 c5 11. d4 Qc7 12. Nbd2 cxd4 13. cxd4 Nc6 14. Nb3 a5 15. Be3 Nb4 16. Bb1 a4 17. Nbd2 Bd7 18. a3 Nc6 19. Qc2 Rfc8 20. d5 Na5 21. Qxc7 Rxc7 22. Bd3 Nc4 23. Rac1 Rac8 24. Bxc4 bxc4 25. Bb6 Rb7 26. Ba5 Bb5 27. Bb4 Nd7 28. Re3 Nb6 29. g4 g6 30. g5 h6 31. h4 Kg7 32. Kg2 f6 33. gxf6+ Kxf6 34. Kg3 Kg7 35. Nb1 Ra7 36. Nc3 Be8 37. Rh1 Nd7 38. Ne2 Nf6 39. Nd2 Bd7 40. f3 Bb5 41. Bc3 Nh5+ 42. Kg2 Rf8 43. Nf1 Bd8 44. Bb4 Rf6 45. f4 Raf7 46. Rf3 Nxf4+ 47. Nxf4 Rxf4 48. Nd2 Rg4+ 49. Rg3 Rxh4 50. Bxd6 Rxh1 51. Bxe5+ Kh7 52. Kxh1 Rf2 53. Rg2 Rf7 54. Rg3 g5 55. Rf3 Kg6 56. Kg2 h5 57. Rxf7 Kxf7 58. Nf3 g4 59. Nd4 Bd7 60. Nc6 Bg5 61. Bc3 Bxc6 62. dxc6 Bf4 63. e5 Ke6 64. Bd4 h4 65. Bc3 h3+ 66. Kf2 g3+ 67. Kf3 g2 68. Bd4 Bxe5 69. Bb6 Bh2 0-1